| 000 | 00439pam a2200181 a 4500 | ||
|---|---|---|---|
| 020 | _c | ||
| 040 | _aMedical College Libr | ||
| 041 |
_aENG _hENG |
||
| 100 | _aSmith , W. . | ||
| 245 |
_aFlorence Nightingale / _c _hTextual Documents |
||
| 260 |
_aLondon : _bConstabe , _c1982. |
||
| 300 |
_a590 ; _c |
||
| 365 | _a30.00 | ||
| 653 | _aGenarl Book | ||
| 930 | _a6638 | ||
| 999 |
_c6637 _d6637 |
||